Floods,Flood Plains And Environmental Myths (Record no. 1829)

MARC details
000 -LEADER
fixed length control field 00244nam a22001097a 4500
041 ## - LANGUAGE CODE
Language code of text/sound track or separate title ENG
245 ## - TITLE STATEMENT
Title Floods,Flood Plains And Environmental Myths
260 ## - PUBLICATION, DISTRIBUTION, ETC. (IMPRINT)
Place of publication, distribution, etc New Delhi
Name of publisher, distributor, etc CSE
Date of publication, distribution, etc 1991
300 ## - PHYSICAL DESCRIPTION
Extent 167
650 ## - SUBJECT ADDED ENTRY--TOPICAL TERM
Topical term or geographic name as entry element SWCE
856 ## - ELECTRONIC LOCATION AND ACCESS
Uniform Resource Identifier SWCE ( 24 )
Holdings
Withdrawn status Lost status Source of classification or shelving scheme Damaged status Not for loan Home library Current library Shelving location Date acquired Cost, normal purchase price Total Checkouts Barcode Date last seen Price effective from Koha item type
    Dewey Decimal Classification     College of Agricultural Engineering and Technology, Dapoli , Library College of Agricultural Engineering and Technology, Dapoli , Library Book Cart 01/10/2021 190.00   004750 01/10/2021 01/10/2021 Books

Contact Us: College of Agricultural Engineering and Technology, Dapoli, Dist.- Ratnagiri
Website: https://dbskkv.org Email: caetlibrary2015@gmail.com